[Event "IX IBCA World Team Ch. for the Blind an"]
[Site "Ohrid, North Macedonia"]
[Date "2022.07.02"]
[Round "5.2"]
[White "Culjak, Miso"]
[Black "Draghici Flutur, Gavril"]
[Result "0-1"]
[WhiteElo "1675"]
[BlackElo "2100"]
[PlyCount "97"]
[EventDate "2022.06.28"]
[EventType "team"]
[EventRounds "7"]
[EventCountry "MKD"]
[WhiteTeam "Croatia"]
[BlackTeam "Spain"]
[WhiteTeamCountry "CRO"]
[BlackTeamCountry "ESP"]

1. d4 d5 2. Nf3 Nf6 3. h3 c5 4. c3 Nc6 5. Bf4 Qb6 6. Qb3 c4 7. Qxb6 axb6 8.
Nbd2 b5 9. e3 b4 10. Be2 bxc3 11. bxc3 b5 12. O-O b4 13. cxb4 Nxb4 14. a4 e6
15. Ne5 Be7 16. Bf3 Nd7 17. Nxd7 Bxd7 18. Nb1 O-O 19. Rc1 f6 20. g4 Ra6 21. Nc3
Rfa8 22. Bd1 Bc6 23. h4 Nd3 24. Bg3 Bb4 25. Ne2 Bxa4 26. Bxa4 Rxa4 27. Rxa4
Rxa4 28. Rb1 Kf7 29. Nc1 Nxc1 30. Rxc1 c3 31. Rc2 Ra1+ 32. Kg2 Rb1 33. e4 Rb2
34. Rc1 c2 35. Bf4 dxe4 36. Be3 Ke7 37. Kg3 g6 38. Kf4 f5 39. gxf5 exf5 40. Kg5
Ra2 41. h5 Ke8 42. Kh6 Kf7 43. Kg5 Be7+ 44. Kh6 g5 45. Bxg5 Ra6+ 46. Bf6 Rxf6+
47. Kg5 Rc6+ 48. Kxf5 Ba3 49. Ra1 0-1

[Event "IX IBCA World Team Ch. for the Blind an"]
[Site "Ohrid, North Macedonia"]
[Date "2022.07.02"]
[Round "5.3"]
[White "Vela Ignacio, Jose Manuel"]
[Black "Drazetic, Novica"]
[Result "1-0"]
[WhiteElo "2026"]
[BlackElo "1605"]
[PlyCount "87"]
[EventDate "2022.06.28"]
[EventType "team"]
[EventRounds "7"]
[EventCountry "MKD"]
[WhiteTeam "Spain"]
[BlackTeam "Croatia"]
[WhiteTeamCountry "ESP"]
[BlackTeamCountry "CRO"]

1. d4 d5 2. c4 e6 3. Nc3 c5 4. cxd5 exd5 5. Nf3 Nc6 6. Bg5 Nf6 7. Bxf6 Qxf6 8.
Nxd5 Qd8 9. dxc5 Bxc5 10. e3 O-O 11. Bd3 Nb4 12. Nxb4 Bxb4+ 13. Ke2 Qf6 14. Qb3
Bd6 15. Rhd1 Be6 16. Bxh7+ Kxh7 17. Qd3+ Kg8 18. Qxd6 Qxb2+ 19. Qd2 Qf6 20. Qd4
Qe7 21. Qd6 Qf6 22. Rd4 Rfd8 23. Qe5 Qf5 24. Qxf5 Bxf5 25. Rad1 Rdc8 26. R1d2
f6 27. Rd6 Rc7 28. Nd4 Bg6 29. f3 Rac8 30. Nb5 Rc5 31. Nxa7 Ra8 32. Rd8+ Rxd8
33. Rxd8+ Kh7 34. Rd2 Bf7 35. Rb2 Ra5 36. Nc8 Bxa2 37. Nd6 Bd5 38. e4 Bc6 39.
Nxb7 Bxb7 40. Rxb7 Ra2+ 41. Kf1 Ra1+ 42. Kf2 Ra2+ 43. Kg3 Ra5 44. h4 1-0

[Event "IX IBCA World Team Ch. for the Blind an"]
[Site "Ohrid, North Macedonia"]
[Date "2022.07.02"]
[Round "5.4"]
[White "Kljaic, Kresimir"]
[Black "Saez Gabikagogeaskoa, Oscar"]
[Result "1/2-1/2"]
[WhiteElo "1543"]
[BlackElo "1963"]
[PlyCount "85"]
[EventDate "2022.06.28"]
[EventType "team"]
[EventRounds "7"]
[EventCountry "MKD"]
[WhiteTeam "Croatia"]
[BlackTeam "Spain"]
[WhiteTeamCountry "CRO"]
[BlackTeamCountry "ESP"]

1. e4 c5 2. Nf3 Nc6 3. Bb5 g6 4. O-O Bg7 5. Re1 Nf6 6. c3 O-O 7. h3 a6 8. Bf1
b5 9. d4 cxd4 10. cxd4 d5 11. e5 Ne4 12. Nc3 Bf5 13. a3 f6 14. Bf4 fxe5 15.
dxe5 Nxc3 16. bxc3 Bxh3 17. Qd2 Bf5 18. Bh6 e6 19. Bxg7 Kxg7 20. a4 Na5 21. Nd4
Nc4 22. Qc1 Qb6 23. Qg5 bxa4 24. Bxc4 dxc4 25. Qe7+ Rf7 26. Nxf5+ gxf5 27. Qb4
Qxb4 28. cxb4 Rb8 29. Rxa4 Rfb7 30. Rxa6 Rb6 31. b5 Kf7 32. Rc1 Rxb5 33. Rxc4
Rxe5 34. Ra7+ Kg6 35. Rcc7 h6 36. Rg7+ Kh5 37. Ra3 Rb1+ 38. Kh2 Rb4 39. g3 Rb2
40. Kg2 Ree2 41. Rf3 Re4 42. Rc3 Ree2 43. Rf3 1/2-1/2

[Event "IX IBCA World Team Ch. for the Blind an"]
[Site "Ohrid, North Macedonia"]
[Date "2022.07.02"]
[Round "5.1"]
[White "Soundarya, Kumar Pradhan"]
[Black "Mueller, Thorsten"]
[Result "1-0"]
[WhiteElo "1782"]
[BlackElo "2056"]
[PlyCount "27"]
[EventDate "2022.06.28"]
[EventType "team"]
[EventRounds "7"]
[EventCountry "MKD"]
[WhiteTeam "India"]
[BlackTeam "Germany"]
[WhiteTeamCountry "IND"]
[BlackTeamCountry "GER"]

1. d4 d5 2. c4 e6 3. Nc3 Nf6 4. Nf3 c6 5. e3 Nbd7 6. Bd3
Bd6 7. O-O O-O 8. e4 e5 9. cxd5 cxd5 10. Bg5 exd4 11. Nxd5 h6 12. Nxf6+ Nxf6
13. Bxh6 Bg4 14. Bg5 1-0

[Event "IX IBCA World Team Ch. for the Blind an"]
[Site "Ohrid, North Macedonia"]
[Date "2022.07.02"]
[Round "5.3"]
[White "Marimuthu, K."]
[Black "Schulz, Gert"]
[Result "0-1"]
[WhiteElo "1626"]
[BlackElo "1931"]
[PlyCount "102"]
[EventDate "2022.06.28"]
[EventType "team"]
[EventRounds "7"]
[EventCountry "MKD"]
[WhiteTeam "India"]
[BlackTeam "Germany"]
[WhiteTeamCountry "IND"]
[BlackTeamCountry "GER"]

1. d4 Nf6 2. Bf4 e6 3. e3 b6 4. Nd2 Bb7 5. c3 d5 6. Bd3 Nbd7 7. Ngf3 Nh5 8. Bg5
Be7 9. Ne5 Nxe5 10. dxe5 Bxg5 11. Qxh5 g6 12. Qe2 Bh6 13. O-O O-O 14. Rad1 c5
15. f4 Bg7 16. Qg4 Qe7 17. c4 Ba6 18. b3 Rad8 19. e4 d4 20. Rde1 Bc8 21. Qg3 f5
22. exf6 Bxf6 23. Nf3 e5 24. f5 Kh8 25. h4 Rg8 26. Qh3 g5 27. hxg5 Bxg5 28.
Nxg5 Rxg5 29. Rf3 Rdg8 30. Kf2 Qg7 31. Rg1 Bd7 32. a4 a5 33. g3 Be8 34. Rh1 Rh5
35. Qxh5 Bxh5 36. Rxh5 Rf8 37. Be2 Rf6 38. Rd3 Rh6 39. Rxh6 Qxh6 40. Bf3 Qc1
41. g4 Kg7 42. Rd1 Qe3+ 43. Kg3 h6 44. Rh1 Qxb3 45. f6+ Kxf6 46. Rxh6+ Kg7 47.
Rh5 d3 48. Rh1 Qxc4 49. g5 Qxa4 50. Rh6 Qb3 51. Rd6 Qc2 0-1

[Event "IX IBCA World Team Ch. for the Blind an"]
[Site "Ohrid, North Macedonia"]
[Date "2022.07.02"]
[Round "5.4"]
[White "Dyballa, Gerhard"]
[Black "Swapanil, Shah"]
[Result "1-0"]
[WhiteElo "1912"]
[BlackElo "1652"]
[PlyCount "59"]
[EventDate "2022.06.28"]
[EventType "team"]
[EventRounds "7"]
[EventCountry "MKD"]
[WhiteTeam "Germany"]
[BlackTeam "India"]
[WhiteTeamCountry "GER"]
[BlackTeamCountry "IND"]

1. c4 c6 2. e4 d5 3. cxd5 cxd5 4. exd5 Qxd5 5. Nc3 Qa5 6. d4 e6 7. Nf3 Nf6 8.
Bd3 Nc6 9. O-O Be7 10. Bf4 a6 11. Rc1 Qd8 12. a3 Bd6 13. Bxd6 Qxd6 14. Ne4 Nxe4
15. Bxe4 Bd7 16. d5 exd5 17. Bxd5 Kf8 18. Ng5 Be8 19. Re1 Qf6 20. Ne4 Qd8 21.
Nc5 Rb8 22. Nxb7 Rxb7 23. Bxc6 Qxd1 24. Rcxd1 Rb8 25. Bxe8 Rxe8 26. Rxe8+ Kxe8
27. Rd6 Ke7 28. Rxa6 Rc8 29. g3 Rc2 30. b4 1-0

[Event "IX IBCA World Team Ch. for the Blind an"]
[Site "Ohrid, North Macedonia"]
[Date "2022.07.02"]
[Round "5.1"]
[White "Selkovski, Zarko"]
[Black "Dimic, Pavle"]
[Result "1/2-1/2"]
[WhiteElo "1967"]
[BlackElo "2356"]
[PlyCount "51"]
[EventDate "2022.06.28"]
[EventType "team"]
[EventRounds "7"]
[EventCountry "MKD"]
[WhiteTeam "North Macedonia"]
[BlackTeam "Serbia"]
[BlackTeamCountry "SRB"]

1. e4 c5 2. Nf3 Nc6 3. d4 cxd4 4. Nxd4 Nf6 5. Nc3 d6 6. Bg5 Qa5 7. Bxf6 gxf6 8.
Nb3 Qg5 9. Qd2 Qxd2+ 10. Nxd2 f5 11. O-O-O Bh6 12. Kb1 Rg8 13. Nd5 Kd8 14. f3
fxe4 15. Nxe4 f5 16. Nc5 e6 17. Nc3 Ke7 18. Nd3 b6 19. g3 Bb7 20. Bg2 Na5 21.
b3 Rac8 22. Nb5 a6 23. Nd4 Kf6 24. Nb4 b5 25. Rhe1 Rge8 26. Re2 1/2-1/2

[Event "IX IBCA World Team Ch. for the Blind an"]
[Site "Ohrid, North Macedonia"]
[Date "2022.07.02"]
[Round "5.2"]
[White "Jandric, Damjan"]
[Black "Capanov, Mile"]
[Result "1-0"]
[WhiteElo "2145"]
[BlackElo "1951"]
[PlyCount "84"]
[EventDate "2022.06.28"]
[EventType "team"]
[EventRounds "7"]
[EventCountry "MKD"]
[WhiteTeam "Serbia"]
[BlackTeam "North Macedonia"]
[WhiteTeamCountry "SRB"]

1. e4 e5 2. Nf3 Nc6 3. Bb5 a6 4. Ba4 d6 5. c3 Nf6 6. O-O b5 7. Bb3 Na5 8. Bc2
c5 9. d4 Qc7 10. h3 h6 11. b4 Nc4 12. a4 Rb8 13. axb5 axb5 14. bxc5 dxc5 15.
dxe5 Nxe5 16. Nxe5 Qxe5 17. f4 Qc7 18. e5 Nd7 19. e6 Nf6 20. exf7+ Kxf7 21. Qd3
Bd6 22. Qg6+ Kf8 23. Nd2 Qf7 24. Qd3 Qe7 25. Nf3 c4 26. Qg6 Qf7 27. Ne5 Qxg6
28. Nxg6+ Kg8 29. Nxh8 Kxh8 30. Be3 Nd5 31. Bd4 b4 32. cxb4 Nxb4 33. Bg6 Nc6
34. Bc3 Ne7 35. Bf7 Rb3 36. Be5 Bc5+ 37. Kh2 Bb7 38. Bxc4 Rb6 39. Rab1 Bd5 40.
Rxb6 Bxb6 41. Bxd5 Nxd5 42. Rd1 Ne7 1-0

[Event "IX IBCA World Team Ch. for the Blind an"]
[Site "Ohrid, North Macedonia"]
[Date "2022.07.02"]
[Round "5.3"]
[White "Kostadinovski, Zoran"]
[Black "Janjic, Stefan"]
[Result "0-1"]
[WhiteElo "1913"]
[BlackElo "2144"]
[PlyCount "86"]
[EventDate "2022.06.28"]
[EventType "team"]
[EventRounds "7"]
[EventCountry "MKD"]
[WhiteTeam "North Macedonia"]
[BlackTeam "Serbia"]
[BlackTeamCountry "SRB"]

1. d4 e6 2. c4 f5 3. Nc3 Nf6 4. a3 b6 5. Nf3 d6 6. g3 Bb7 7. Bg2 Be7 8. O-O Ne4
9. Nd2 Nxc3 10. bxc3 Bxg2 11. Kxg2 O-O 12. e4 Nd7 13. exf5 Rxf5 14. Qe2 Nf8 15.
f4 Qd7 16. Nf3 c5 17. Be3 Qc6 18. Kg1 Rf7 19. Nd2 Bf6 20. Qd3 cxd4 21. cxd4 d5
22. Rfc1 Rc7 23. Ra2 Rac8 24. Rac2 dxc4 25. Rxc4 Qd6 26. Rxc7 Rxc7 27. Rc2 Rxc2
28. Qxc2 Bxd4 29. Qd3 Bc5 30. Qe2 Nd7 31. Kf2 Bxe3+ 32. Qxe3 Qc5 33. Nb3 Qxe3+
34. Kxe3 Kf7 35. Kd4 Ke7 36. Kc4 a6 37. a4 Kd6 38. a5 b5+ 39. Kd4 Nb8 40. g4
Nd7 41. h4 e5+ 42. fxe5+ Nxe5 43. Ke4 Nxg4 0-1

[Event "IX IBCA World Team Ch. for the Blind an"]
[Site "Ohrid, North Macedonia"]
[Date "2022.07.02"]
[Round "5.4"]
[White "Bjelanovic, Mile"]
[Black "Dimov, Trajce"]
[Result "1-0"]
[WhiteElo "2015"]
[BlackElo "1617"]
[PlyCount "75"]
[EventDate "2022.06.28"]
[EventType "team"]
[EventRounds "7"]
[EventCountry "MKD"]
[WhiteTeam "Serbia"]
[BlackTeam "North Macedonia"]
[WhiteTeamCountry "SRB"]

1. e4 e5 2. Bc4 Nf6 3. d3 Bc5 4. Nf3 Nc6 5. O-O d6 6. c3 a6 7. Bb3 Ba7 8. Re1
h6 9. Nbd2 g5 10. Nf1 g4 11. N3d2 h5 12. Nc4 Nh7 13. Be3 Bxe3 14. Ncxe3 Ng5 15.
Ng3 Bd7 16. Ngf5 Qf6 17. Nd5 Qd8 18. Qe2 Bxf5 19. exf5 f6 20. Nf4 Qd7 21. Ne6
Nxe6 22. Bxe6 Qg7 23. d4 Nd8 24. Bb3 Nc6 25. Ba4 O-O 26. Bxc6 bxc6 27. Qc4+ Kh8
28. Qxc6 Rab8 29. b3 Rb6 30. Qe4 a5 31. Re3 a4 32. bxa4 Rfb8 33. h3 d5 34. Qxd5
Rb1+ 35. Rxb1 Rxb1+ 36. Kh2 h4 37. dxe5 fxe5 38. Qd8+ 1-0

[Event "IX IBCA World Team Ch. for the Blind an"]
[Site "Ohrid, North Macedonia"]
[Date "2022.07.03"]
[Round "6.1"]
[White "Cajzler, Hinko"]
[Black "Streltsov, Alexey"]
[Result "0-1"]
[WhiteElo "2081"]
[BlackElo "2229"]
[PlyCount "92"]
[EventDate "2022.06.28"]
[EventType "team"]
[EventRounds "7"]
[EventCountry "MKD"]
[WhiteTeam "Croatia"]
[BlackTeam "Israel"]
[WhiteTeamCountry "CRO"]
[BlackTeamCountry "ISR"]

1. Nf3 d5 2. c4 d4 3. e3 Nc6 4. d3 e5 5. exd4 exd4 6. a3 a5 7. b3 Be7 8. Bb2
Nf6 9. Be2 O-O 10. O-O h6 11. Re1 Bf5 12. Nbd2 Qd7 13. Nf1 Rfe8 14. Ng3 Bh7 15.
Bf1 Bc5 16. Qc2 Qd6 17. Qd2 Rxe1 18. Nxe1 Re8 19. Nc2 h5 20. Re1 Rxe1 21. Qxe1
h4 22. Nh1 h3 23. Ng3 hxg2 24. Kxg2 Ne5 25. Qd1 Ng6 26. Kh1 Qf4 27. f3 Ne5 28.
b4 Ba7 29. Ne1 Nc6 30. Bc1 Qd6 31. b5 Ne5 32. Bh3 Bc5 33. f4 Ned7 34. a4 Ba3
35. Nf5 Bxf5 36. Bxf5 Bxc1 37. Qxc1 Nc5 38. Nf3 g6 39. Bc8 Nxd3 40. Qd2 Ne4 41.
Qe2 Qxf4 42. Bxb7 Qc1+ 43. Ng1 Nef2+ 44. Kg2 Nf4+ 45. Kxf2 Nxe2 46. Nxe2 Qe3+
0-1

[Event "IX IBCA World Team Ch. for the Blind an"]
[Site "Ohrid, North Macedonia"]
[Date "2022.07.03"]
[Round "6.2"]
[White "Radovilsky, Yan"]
[Black "Began, Branko"]
[Result "1-0"]
[WhiteElo "2094"]
[BlackElo "1824"]
[PlyCount "69"]
[EventDate "2022.06.28"]
[EventType "team"]
[EventRounds "7"]
[EventCountry "MKD"]
[WhiteTeam "Israel"]
[BlackTeam "Croatia"]
[WhiteTeamCountry "ISR"]
[BlackTeamCountry "CRO"]

1. c4 c6 2. d4 d5 3. Nc3 Nf6 4. cxd5 cxd5 5. Nf3 Nc6 6. Bg5 e6 7. e3 Be7 8. Bd3
h6 9. Bh4 Bd7 10. O-O a6 11. a3 Rc8 12. Rc1 b5 13. b4 O-O 14. Nd2 e5 15. Bxf6
Bxf6 16. Nxd5 exd4 17. Nxf6+ Qxf6 18. Ne4 Qe7 19. Nc5 Ne5 20. exd4 Nxd3 21.
Qxd3 Qd6 22. d5 Bg4 23. Qg3 Qxg3 24. hxg3 Ra8 25. f3 Bc8 26. Rfd1 Rd8 27. d6
Ra7 28. Rd2 Bd7 29. Nb3 Raa8 30. Rc7 Kf8 31. Nc5 Be6 32. Nb7 Rd7 33. Rdc2 Re8
34. Rxd7 Bxd7 35. Rc7 1-0

[Event "IX IBCA World Team Ch. for the Blind an"]
[Site "Ohrid, North Macedonia"]
[Date "2022.07.03"]
[Round "6.4"]
[White "Agmon, Yonatan"]
[Black "Kljaic, Kresimir"]
[Result "0-1"]
[WhiteElo "1697"]
[BlackElo "1543"]
[PlyCount "68"]
[EventDate "2022.06.28"]
[EventType "team"]
[EventRounds "7"]
[EventCountry "MKD"]
[WhiteTeam "Israel"]
[BlackTeam "Croatia"]
[WhiteTeamCountry "ISR"]
[BlackTeamCountry "CRO"]

1. Nf3 e6 2. g3 f5 3. Bg2 Nf6 4. c4 Be7 5. Nc3 O-O 6. d4 d5 7. cxd5 exd5 8. O-O
c6 9. Qc2 Ne4 10. Ne5 Nd7 11. f3 Nxc3 12. bxc3 Bd6 13. f4 Nf6 14. Qb3 Be6 15.
Qxb7 c5 16. Ba3 Qa5 17. Qb2 Rfc8 18. Nd3 Rab8 19. Qc1 Nd7 20. e3 Qa6 21. Rd1
Rb5 22. Bf1 c4 23. Bxd6 Qxd6 24. Ne5 a5 25. Rb1 Rxb1 26. Qxb1 Rb8 27. Qc1 a4
28. Be2 Nf6 29. Qc2 a3 30. Rb1 h6 31. Rxb8+ Qxb8 32. Ng6 Kh7 33. Ne7 Qb2 34.
Bd1 Ne4 0-1

[Event "IX IBCA World Team Ch. for the Blind an"]
[Site "Ohrid, North Macedonia"]
[Date "2022.07.03"]
[Round "6.1"]
[White "Dobierzin, Olaf"]
[Black "Selkovski, Zarko"]
[Result "1/2-1/2"]
[WhiteElo "2007"]
[BlackElo "1967"]
[PlyCount "58"]
[EventDate "2022.06.28"]
[EventType "team"]
[EventRounds "7"]
[EventCountry "MKD"]
[WhiteTeam "Germany"]
[BlackTeam "North Macedonia"]
[WhiteTeamCountry "GER"]

1. e4 c5 2. Nf3 e6 3. d4 cxd4 4. Nxd4 a6 5. Nc3 Qc7 6. Bd3 Nf6 7. O-O d6 8. Qe2
Nbd7 9. Kh1 Be7 10. f4 O-O 11. a4 b6 12. Bd2 Bb7 13. Rae1 Nc5 14. e5 Nxd3 15.
cxd3 Nd7 16. Nf3 Rac8 17. Rc1 Qb8 18. d4 Qa8 19. Rce1 Bc6 20. b3 Qb7 21. exd6
Bxd6 22. Ne5 Nxe5 23. fxe5 Bb4 24. Ne4 Bxd2 25. Nxd2 b5 26. axb5 axb5 27. Rc1
Bd5 28. Kg1 Qa7 29. Qd3 Qb7 1/2-1/2

[Event "IX IBCA World Team Ch. for the Blind an"]
[Site "Ohrid, North Macedonia"]
[Date "2022.07.03"]
[Round "6.2"]
[White "Capanov, Mile"]
[Black "Schellmann, Frank"]
[Result "1/2-1/2"]
[WhiteElo "1951"]
[BlackElo "2009"]
[PlyCount "93"]
[EventDate "2022.06.28"]
[EventType "team"]
[EventRounds "7"]
[EventCountry "MKD"]
[WhiteTeam "North Macedonia"]
[BlackTeam "Germany"]
[BlackTeamCountry "GER"]

1. e4 e5 2. Nf3 Nc6 3. d4 exd4 4. Bc4 Nf6 5. O-O Nxe4 6. Re1 d5 7. Bxd5 Qxd5 8.
Nc3 Qh5 9. Nxe4 Be6 10. Bg5 Bd6 11. Bf6 Bxh2+ 12. Nxh2 Qxd1 13. Raxd1 gxf6 14.
Nxf6+ Kf8 15. a3 h5 16. Rd3 Kg7 17. Rf3 Rh6 18. Ne4 Rd8 19. Nc5 b6 20. Rg3+ Kf8
21. Nd3 Rd5 22. Nf3 h4 23. Rg5 Rxg5 24. Nxg5 Bc4 25. Kh2 Bxd3 26. cxd3 Nd8 27.
Re4 c5 28. b4 Rd6 29. bxc5 bxc5 30. Re5 c4 31. Ne4 Rc6 32. dxc4 Ne6 33. c5 Ra6
34. Ng5 Nxg5 35. Rxg5 Rxa3 36. Rd5 d3 37. c6 Rc3 38. c7 Rxc7 39. Rxd3 Rc2 40.
f3 a5 41. Rd4 Ra2 42. Rxh4 a4 43. Rh8+ Ke7 44. Ra8 Kd6 45. Kg3 a3 46. Kf4 Rxg2
47. Rxa3 1/2-1/2

[Event "IX IBCA World Team Ch. for the Blind an"]
[Site "Ohrid, North Macedonia"]
[Date "2022.07.03"]
[Round "6.3"]
[White "Schulz, Gert"]
[Black "Kostadinovski, Zoran"]
[Result "0-1"]
[WhiteElo "1931"]
[BlackElo "1913"]
[PlyCount "40"]
[EventDate "2022.06.28"]
[EventType "team"]
[EventRounds "7"]
[EventCountry "MKD"]
[WhiteTeam "Germany"]
[BlackTeam "North Macedonia"]
[WhiteTeamCountry "GER"]

1. d4 d5 2. c4 e6 3. Nc3 Nf6 4. cxd5 Nxd5 5. e4 Nxc3 6. bxc3 c5 7. a3 Be7 8.
Nf3 O-O 9. Bc4 cxd4 10. cxd4 b5 11. Bb3 Nd7 12. O-O Bb7 13. Qe2 a6 14. Rd1 Qa5
15. h4 Qb6 16. Rd3 Rac8 17. Bb2 a5 18. a4 Ba6 19. Rc3 Rxc3 20. Bxc3 b4 0-1

[Event "IX IBCA World Team Ch. for the Blind an"]
[Site "Ohrid, North Macedonia"]
[Date "2022.07.03"]
[Round "6.4"]
[White "Atanasov, K.Sande"]
[Black "Dyballa, Gerhard"]
[Result "1/2-1/2"]
[WhiteElo "1853"]
[BlackElo "1912"]
[PlyCount "43"]
[EventDate "2022.06.28"]
[EventType "team"]
[EventRounds "7"]
[EventCountry "MKD"]
[WhiteTeam "North Macedonia"]
[BlackTeam "Germany"]
[BlackTeamCountry "GER"]

1. e4 e6 2. d3 d5 3. Nd2 c5 4. Ngf3 Nc6 5. g3 g6 6. Bg2 Bg7 7. O-O Nge7 8. Re1
O-O 9. c3 b6 10. h4 h6 11. e5 Qc7 12. Qe2 a5 13. a4 Ba6 14. Nf1 Rfd8 15. N1h2
Kh7 16. Bf4 Rab8 17. Qd2 Ng8 18. Ng4 Nce7 19. Nf6+ Kh8 20. Bh3 b5 21. axb5 Rxb5
22. Ng4 1/2-1/2

[Event "IX IBCA World Team Ch. for the Blind an"]
[Site "Ohrid, North Macedonia"]
[Date "2022.07.03"]
[Round "6.1"]
[White "Pulvett Marin, Daniel Eduardo"]
[Black "Somender, B L."]
[Result "1-0"]
[WhiteElo "2523"]
[BlackElo "1491"]
[PlyCount "99"]
[EventDate "2022.06.28"]
[EventType "team"]
[EventRounds "7"]
[EventCountry "MKD"]
[WhiteTeam "Spain"]
[BlackTeam "India"]
[WhiteTeamCountry "ESP"]
[BlackTeamCountry "IND"]

1. d4 Nf6 2. c4 g6 3. Nc3 d5 4. Nf3 Bg7 5. h4 c5 6. dxc5 Na6 7. cxd5 Nxc5 8.
Qd4 b6 9. e4 O-O 10. e5 Ng4 11. Bf4 f6 12. e6 f5 13. Qd2 Bb7 14. Bc4 Rc8 15.
O-O Ne4 16. Qd3 Nxc3 17. bxc3 b5 18. Bb3 Rxc3 19. Qxb5 Rxb3 20. axb3 Qxd5 21.
Qxd5 Bxd5 22. Rxa7 Bxb3 23. Rxe7 Bf6 24. Rc7 Bxe6 25. Ng5 Bf7 26. Bd6 Bxg5 27.
hxg5 Re8 28. Bf4 Ne5 29. Bxe5 Rxe5 30. f4 Re2 31. Rd1 Re8 32. Rdd7 Rf8 33. Kf2
Kg7 34. g3 Kg8 35. Ke3 Kg7 36. Kd4 Kg8 37. Kc5 Kg7 38. Kb6 Kg8 39. Ka7 Kg7 40.
Rb7 Kg8 41. Rb8 Rxb8 42. Kxb8 Be6 43. Re7 Bc4 44. Kc7 Bb3 45. Kd6 Bc4 46. Ke5
Bd3 47. Kf6 Bb5 48. Rb7 Be8 49. Rb8 Kf8 50. Rd8 1-0

[Event "IX IBCA World Team Ch. for the Blind an"]
[Site "Ohrid, North Macedonia"]
[Date "2022.07.03"]
[Round "6.2"]
[White "Soundarya, Kumar Pradhan"]
[Black "Draghici Flutur, Gavril"]
[Result "1-0"]
[WhiteElo "1782"]
[BlackElo "2100"]
[PlyCount "55"]
[EventDate "2022.06.28"]
[EventType "team"]
[EventRounds "7"]
[EventCountry "MKD"]
[WhiteTeam "India"]
[BlackTeam "Spain"]
[WhiteTeamCountry "IND"]
[BlackTeamCountry "ESP"]

1. d4 Nf6 2. c4 c5 3. d5 d6 4. Nf3 g6 5. Nc3 Bg7 6. h3 O-O 7. e4 e6 8. Be3 exd5
9. cxd5 Re8 10. Nd2 Nbd7 11. Be2 a6 12. a4 Nb6 13. O-O Rb8 14. Qc2 Na8 15. Bf4
b6 16. Nc4 Bf8 17. e5 Bf5 18. Qd2 dxe5 19. Nxe5 Nc7 20. Nc6 Qd7 21. Nxb8 Rxb8
22. g4 Ne4 23. Qd1 Nxc3 24. bxc3 Be4 25. f3 Bxd5 26. c4 Bd6 27. Bxd6 Qxd6 28.
f4 1-0

[Event "IX IBCA World Team Ch. for the Blind an"]
[Site "Ohrid, North Macedonia"]
[Date "2022.07.03"]
[Round "6.3"]
[White "Vela Ignacio, Jose Manuel"]
[Black "Kishan, Gangolli"]
[Result "0-1"]
[WhiteElo "2026"]
[BlackElo "2092"]
[PlyCount "78"]
[EventDate "2022.06.28"]
[EventType "team"]
[EventRounds "7"]
[EventCountry "MKD"]
[WhiteTeam "Spain"]
[BlackTeam "India"]
[WhiteTeamCountry "ESP"]
[BlackTeamCountry "IND"]

1. d4 Nf6 2. c4 e6 3. Nc3 Bb4 4. a3 Bxc3+ 5. bxc3 b6 6. e4 Nxe4 7. Qg4 f5 8.
Qxg7 Qf6 9. Qxf6 Nxf6 10. f3 Ba6 11. Bf4 d6 12. Nh3 h6 13. O-O-O Nc6 14. d5
exd5 15. cxd5 Bxf1 16. Rhxf1 Ne7 17. Rfe1 Kf7 18. c4 b5 19. c5 Nexd5 20. cxd6
cxd6 21. Bxd6 Rac8+ 22. Kb2 Rc6 23. Be5 Rhc8 24. Rd2 Nb6 25. Rde2 Na4+ 26. Kb3
Nc5+ 27. Ka2 Nd3 28. Rd1 Nc1+ 29. Rxc1 Rxc1 30. Bb2 R1c2 31. Re1 Rxg2 32. Re5
Rcc2 33. Rxb5 Nd5 34. Rxd5 Rxb2+ 35. Ka1 Rbd2 36. Rxf5+ Kg6 37. Rb5 Rd1+ 38.
Rb1 Rxb1+ 39. Kxb1 Kf5 0-1

[Event "IX IBCA World Team Ch. for the Blind an"]
[Site "Ohrid, North Macedonia"]
[Date "2022.07.03"]
[Round "6.4"]
[White "Marimuthu, K."]
[Black "Fernandez Manrique, Agustin"]
[Result "0-1"]
[WhiteElo "1626"]
[BlackElo "2022"]
[PlyCount "72"]
[EventDate "2022.06.28"]
[EventType "team"]
[EventRounds "7"]
[EventCountry "MKD"]
[WhiteTeam "India"]
[BlackTeam "Spain"]
[WhiteTeamCountry "IND"]
[BlackTeamCountry "ESP"]

1. d4 Nf6 2. c4 g6 3. h4 c5 4. d5 Bg7 5. Nc3 d6 6. e4 e6 7. Be2 exd5 8. cxd5 a6
9. a4 O-O 10. h5 Re8 11. h6 Bh8 12. Bg5 Qa5 13. Bd2 Qc7 14. Qc2 Nbd7 15. Nf3 c4
16. Kf1 Nc5 17. Ng5 Nb3 18. Ra3 Nxd2+ 19. Qxd2 Bg4 20. Rh4 Bxe2+ 21. Qxe2 Nd7
22. Rf4 Ne5 23. Nd1 b5 24. Rg3 Qe7 25. Ne3 Bf6 26. Nf3 Nd3 27. Rf5 Kh8 28. Ng5
Bxg5 29. Rfxg5 Qxe4 30. Qd2 Qd4 31. Nc2 Qxb2 32. Kg1 Re4 33. Re3 Rxe3 34. fxe3
Qc1+ 35. Qxc1 Nxc1 36. Rg4 Rb8 0-1

[Event "IX IBCA World Team Ch. for the Blind an"]
[Site "Ohrid, North Macedonia"]
[Date "2022.07.04"]
[Round "7.1"]
[White "Somender, B L."]
[Black "Cajzler, Hinko"]
[Result "1/2-1/2"]
[WhiteElo "1491"]
[BlackElo "2081"]
[PlyCount "82"]
[EventDate "2022.06.28"]
[EventType "team"]
[EventRounds "7"]
[EventCountry "MKD"]
[WhiteTeam "India"]
[BlackTeam "Croatia"]
[WhiteTeamCountry "IND"]
[BlackTeamCountry "CRO"]

1. c4 e6 2. Nf3 f5 3. d4 d5 4. g3 Nf6 5. Bf4 c6 6. Bg2 Be7 7. Nc3 O-O 8. O-O
Ne4 9. Rc1 Nd7 10. h4 Qe8 11. Ne5 Nxe5 12. Bxe5 Bf6 13. Bxf6 Rxf6 14. Nxe4 fxe4
15. f3 exf3 16. exf3 Qg6 17. Kh2 Bd7 18. Qb3 Rb8 19. Qa3 Ra8 20. Qb4 b6 21. Qd6
Be8 22. f4 Qf7 23. Rfe1 Qd7 24. Qxd7 Bxd7 25. Bh3 Rd8 26. cxd5 exd5 27. Re7
Bxh3 28. Kxh3 a5 29. Rc7 Rdd6 30. a4 Rfe6 31. Rb7 Re4 32. Rxb6 Rxd4 33. b3 Rd3
34. Rcxc6 Rxc6 35. Rxc6 d4 36. Rc5 Rxb3 37. Rxa5 d3 38. Rd5 Ra3 39. a5 d2 40.
Rxd2 Rxa5 41. Rd7 h5 1/2-1/2